| Поле | Инд. | ПП | Название | Значение |
|---|---|---|---|---|
| Тип записи | a | |||
| Библиографический уровень | b | |||
| 001 | Контрольный номер | RU/IS/BASE/264552730 | ||
| 005 | Дата корректировки | 20240403144210.1 | ||
| 008 | Кодируемые данные | 19951027 | ||
| 084 | a | Индекс другой классификации/Индекс ББК | 60.54 | |
| 097 | 00 | a | 750 | |
| 100 | 10 | a | Автор | Хлопьев А. Т. |
| 245 | 00 | a | Заглавие | Трансформация социальной структуры российского общества |
| 520 | 00 | a | Аннотация | Автор статьи А.Т. Хлопьев - академик Международной Академии информатизации и Академии социальных наук |
| 650 | a | Основная рубрика | социология | |
| a | Основная рубрика | социология групп | ||
| 653 | 00 | a | Ключевые слова | общество |
| a | Ключевые слова | реинтеграция социальная | ||
| a | Ключевые слова | социальная дезинтеграция | ||
| a | Ключевые слова | социальная диссоциация | ||
| a | Ключевые слова | социальная реинтеграция | ||
| a | Ключевые слова | социальная структура | ||
| a | Ключевые слова | социальные слои | ||
| 773 | 00 | t | Заглавие источника | Социально-политический журнал |
| d | Дата издания источника | 1995 | ||
| g | Прочая информация | № 3. - С. 24 - 37 | ||
| w | Контрольный № источника | RU/IS/BASE/141310123 | ||
| 901 | t | Тип документа | b |